000 01093nam a2200217Ia 4500
003 Ost
005 20260507074959.0
008 260507s9999||||xx |||||||||||||| ||und||
040 _cfsecg
041 _aara
082 _a330
100 _aالناصر، ناصرعبيد
_eمؤلف
245 0 _aسياسات الإصلاح الإقتصادي وبرامج التثبيت والتكيف الهيكلى(حالة مصر العربية) /
_c ناصرعبيد الناصر
260 _aدمشق:
_bاتحاد الكتاب العرب,
_c2001
300 _a165 صفحة؛
_c24 سم
504 _aببليوغرافيا:ص.158-160
520 _aخارطة الاقتصاد المصري،خصائص الاصلاح الاقتصادي وأهدافه،سياسات التثبيت،سياسات التكيف الهيكلي،السياسات الاجتماعية،الدروس والعبر المستلهمة من سياسات الإصلاح الإقتصادي والإداري
653 _aالاصلاح الاداري
653 _aالاقتصاديون المصريون
942 _cكتاب
999 _c42060
_d42060